LEADER 01217nam a2200289 a 4500 001 000000128180 003 CaOOAMICUS 005 20120323124354.0 008 120323s2011 pe f u000 u spa u 020 $a978-9972-825-40-8 040 $aPUL$bita 041 1 $aspa$hita 100 1 $aSerretti, Massimo,$d1956-$0(OLS)http://pul/name/34665 240 10$aNatura della comunione.$lSpagnolo.$0(OLS)http://pul/title/161967 245 10$aNaturaleza de la comunión :$bensayo sobre la relación /$cMassimo Serretti. 260 $aArequipa (Perů) :$bUniversidad Católica San Pablo,$c[2011] 300 $a204 p. ;$c22 cm 500 $aContiene indici. 504 $aBibliografia in nota. 650 4$aComunione (teologia).$0(OLS)http://pul/subject/20537 850 $aPUL 852 $aPUL$W1$xSL Religione 1$y3$m67 B 158bis$j148366$qStampati$B146960$CPULBib$Z2$F146960 $H119216 $82 941 1 $a8 996 $6020$a978-9972-825-40-8$9(OLS)http://pul/number/149307 996 $6245$aNaturaleza de la comunión :$bensayo sobre la relación$9(OLS)http://pul/title/161966 996 $6260$aArequipa (Perů) :$bUniversidad Católica San Pablo$9(OLS)http://pul/publisher/79639 LEADER 01017nam a2200253 a 4500 001 000000141023 003 CaOOAMICUS 005 20141218152749.0 008 141218s1974 it u000 u ita r 040 $aPUL$bita 245 12$aI dibattiti di Putney /$cPresentazione di Sergio Bertolissi. 260 $aFirenze :$bLa Nuova Italia,$c©1974. 300 $a94 p.$c21 cm 490 1 $aStrumenti (Nuova Italia editrice) ;$v2 504 $aBibliografia in nota. 651 4$aInghilterra$xStoria$ySec. XVII.$0(OLS)http://pul/subject/40603 700 1 $aBertolissi, Sergio.$0(OLS)http://pul/name/90819 830 0$aStrumenti (La Nuova Italia editrice) ;$v2.$0(OLS)http://pul/title/76522 850 $aPUL 852 $aPUL$W1$xDP1 Fondo Capitani$y116$m1 B 33$j41703$qFondi$B162458$CPULBib$Z2$F162458 $HCap1318 $82 941 1 $a1 996 $6245$aI dibattiti di Putney$9(OLS)http://pul/title/178478 996 $6260$aFirenze :$bLa Nuova Italia$9(OLS)http://pul/publisher/48361